000 00927nam a22003017a 4500
003 CHAP
005 20220329133754.0
008 971013s1980 r 00010 d
010 _a10673
011 _a11645
035 _a10884
040 _cCHAP
090 _aTesis
100 0 0 _aCabrera Ortega, Rosaura.
_916690
245 _aTres décadas de la balanza de pagos de México
260 _aMéxico, D. F. :
_bEl autor,
_c1980
300 _a120 h.
_b: apénd.
502 _aTesis (Lic. en Economía) -- UNAM. Fac. de Economía
590 _aALEPH
_b10
_c20130110
_lUCH01
_h1227
590 _aBATCH-UPD
_b10
_c20130110
_lUCH01
_h1615
590 _aBATCH-UPD
_b10
_c20130410
_lUCH01
_h1010
590 _aBATCH-UPD
_b10
_c20130914
_lUCH01
_h0527
590 _aCONVERSION
_b10
_c20130109
_lUCH01
_h1307
650 1 4 _aBalanza de pagos
_zMéxico.
_99613
901 _aBK
942 _cTESIS
949 _bBC
_cTES
_d-22859
_eTS1
_i10884
_si
999 _c10673
_d10673